000 00823nam a2200241 a 4500
001
003 DO-SdBNP
005 20211025084734.0
008 111108s2011 dr ac 001 0 spa d
040 _aDO-SdBNP
_bspa
_cBPMSU
082 _a320.97293
_bS211p 2011
_222
100 1 _aSánchez, Norys
245 1 3 _aLa palabra de los sueños :
_bentrevistas /
_cNorys Sánchez.
260 _aSanto Domingo :
_bBúho,
_c2011.
300 _a315 p. :
_bil., retrs. ;
_c23 cm.
500 _aIncluye datos biográficos del autor en la solapa de la contracubierta.
590 _aInventariado, 2021/VM
650 4 _aPolíticos dominicanos
_ySiglo XX
_xEntrevistas
650 4 _aParticipación política
_zRepública Dominicana
_xEntrevistas
650 4 _aIntelectuales
_ySiglo XX
_xEntrevistas
910 _aVMateo V.
942 _2ddc
_cBK
999 _c13821
_d13821